000 00399nam a2200145Ia 4500
005 20251222153629.0
008 251222s9999||||xx |||||||||||||| ||spa||
020 _a9786073215121
082 _a005.369/B83
100 _aBribiesca Correa, Graciela
245 0 _aMicrosoft Office 2010 para los Negocios
250 _a1ra. ed.
264 _bPearson Educación de México, S.A. de C.V.
942 _cLIB
999 _c32303
_d32303